Exportar el norte: Un «poder blando» con dos caras (notice n° 1571013)
[ vue normale ]
| 000 -LEADER | |
|---|---|
| fixed length control field | 01031cam a2200157 4500500 |
| 005 - DATE AND TIME OF LATEST TRANSACTION | |
| control field | 20251214020515.0 |
| 041 ## - LANGUAGE CODE | |
| Language code of text/sound track or separate title | fre |
| 042 ## - AUTHENTICATION CODE | |
| Authentication code | dc |
| 100 10 - MAIN ENTRY--PERSONAL NAME | |
| Personal name | Clerc, Louis |
| Relator term | author |
| 245 00 - TITLE STATEMENT | |
| Title | Exportar el norte: Un «poder blando» con dos caras |
| 260 ## - PUBLICATION, DISTRIBUTION, ETC. | |
| Date of publication, distribution, etc. | 2025.<br/> |
| 500 ## - GENERAL NOTE | |
| General note | 47 |
| 520 ## - SUMMARY, ETC. | |
| Summary, etc. | Las grandes potencias no tienen el monopolio del poder blando; los países nórdicos también utilizan su imagen para respaldar sus políticas exteriores. A través de organizaciones administrativas que dan gran importancia a la cooperación con la sociedad civil, han establecido sus diplomacias públicas en respuesta a las necesidades económicas, de política exterior y de identidad. Sin embargo, es probable que este enfoque evolucione como consecuencia de las divisiones dentro de las sociedades nórdicas y los cambios en el contexto internacional. |
| 786 0# - DATA SOURCE ENTRY | |
| Note | Pouvoirs | 195 | 4 | 2025-10-06 | p. 139-148 | 0152-0768 |
| 856 41 - ELECTRONIC LOCATION AND ACCESS | |
| Uniform Resource Identifier | <a href="https://droit.cairn.info/revista-pouvoirs-2025-4-page-139?lang=es&redirect-ssocas=7080">https://droit.cairn.info/revista-pouvoirs-2025-4-page-139?lang=es&redirect-ssocas=7080</a> |
Pas d'exemplaire disponible.




Réseaux sociaux